| 000 | 00000nam##2200000za#4500 |
| 001 | 9.572543 |
| 003 | CaOODSP |
| 005 | 20220111083112 |
| 007 | cr ||||||||||| |
| 008 | 150406|1998||||xxc|||||o f|0| 0 eng|d |
| 022 | |a1928-6414 |
| 040 | |aCaOODSP|beng |
| 043 | |an-cn--- |
| 086 | 1 |aNE22-1/1998-3E-PDF |
| 110 | 1 |aCanada. |bNational Energy Board. |
| 245 | 10|aReasons for decision in the matter of Interprovincial Pipe Line Inc. : |h[electronic resource]|bapplication dated 2 December 1997, as amended, for the Terrace Phase I Expansion Program |
| 246 | 1 |iVariant title : |aInterprovincial Pipe Line Inc. |
| 260 | |aCalgary - Alberta : |bNational Energy Board |cJune 1998. |
| 300 | |a49p.|bfigs., glossary, map, tables |
| 490 | 1 |aReasons for decision|x1928-6414|vOH-1-98 |
| 500 | |aCopy imperfect: Appendix III p. 41, incomplete. The catalogue number (NE22-1/1998-3E) and ISBN (0-662-26864-4) for the print edition have been incorrectly copied in this electronic publication. |
| 590 | |a12-09-Supp|b2012-03-21 |
| 775 | 08|tMotifs de décision relativement à Pipeline Interprovincial Inc. : |w(CaOODSP)9.602888 |
| 776 | 0#|tInterprovincial Pipe Line Inc. : |w(CaOODSP)9.614396 |
| 830 | #0|aReasons for decision (Canada. National Energy Board)|x1928-6414|vOH-1-98|w(CaOODSP)9.504480 |
| 856 | 40|ahttp://publications.gc.ca|qPDF|s218 KB|uhttps://publications.gc.ca/collections/Collection/NE22-1-1998-3E.pdf|yOH-1-98 |